[Event "2. Bundesliga Ost 2012/2013"]
[Site "6.+7.10., 17.+18.11., 1.12., 2.+3.2., 9.+10.3., 6.
[Date "2013.02.02"]
[Round "6"]
[Board "1"]
[White "Varga, Zoltan"]
[Black "Penz, Harald"]
[Result "1-0"]
[WhiteElo "2455"]
[BlackElo "2311"]
[PlyCount "85"]
[EventDate "2012.10.06"]
[EventType "team"]
[EventRounds "11"]
[EventCountry "AUT"]
[WhiteTeam "ASVOE Lackenbach"]
[BlackTeam "SK Hietzing"]

1. e4 e5 2. Nf3 Nf6 3. Nxe5 d6 4. Nc4 Nxe4 5. Ne3 Be7 6. d4 O-O 7. Bd3 Nf6 8.
O-O Re8 9. c4 Nc6 10. Nc3 Nxd4 11. Bxh7+ Nxh7 12. Qxd4 Bd7 13. Ned5 Bc6 14. Bf4
Bf6 15. Qd2 Bxc3 16. Nxc3 Qd7 17. f3 Re6 18. Rad1 b6 19. Ne2 Rae8 20. Nd4 R6e7
21. Rf2 Bb7 22. b3 a6 23. h3 Qc8 24. Kh2 d5 25. cxd5 Bxd5 26. Qc2 Bb7 27. Nf5
Rd7 28. Rxd7 Qxd7 29. Rd2 Bd5 30. Bxc7 b5 31. Bg3 Qe6 32. Nd6 Rf8 33. Re2 Qd7
34. Qc5 Be6 35. Qb6 Ra8 36. Ne4 Bd5 37. Nd6 Bxf3 38. Re5 Qc6 39. Qd4 Bxg2 40.
Nf5 Kf8 41. Rc5 Qf6 42. Be5 Qd8 43. Bxg7+ 1-0

[Event "2. Bundesliga Ost 2012/2013"]
[Site "6.+7.10., 17.+18.11., 1.12., 2.+3.2., 9.+10.3., 6.
[Date "2013.02.02"]
[Round "6"]
[Board "2"]
[White "Prager, Manfred"]
[Black "Bokros, Albert"]
[Result "0-1"]
[WhiteElo "2035"]
[BlackElo "2458"]
[PlyCount "80"]
[EventDate "2012.10.06"]
[EventType "team"]
[EventRounds "11"]
[EventCountry "AUT"]
[WhiteTeam "SK Hietzing"]
[BlackTeam "ASVOE Lackenbach"]

1. e4 c5 2. Nf3 e6 3. d4 cxd4 4. Nxd4 Nf6 5. Nc3 d6 6. Be2 a6 7. Be3 Nbd7 8.
O-O b5 9. a3 Bb7 10. Bd3 Be7 11. Kh1 O-O 12. f3 Rc8 13. Qe1 Ne5 14. Rd1 Qc7 15.
f4 Nc4 16. Bxc4 Qxc4 17. Bg1 Rfd8 18. Nb3 Qc7 19. Nd4 Bf8 20. Rd3 h6 21. Rg3
Kh8 22. Rh3 Re8 23. e5 Nd7 24. exd6 Bxd6 25. Qh4 Qd8 26. Qh5 Qe7 27. f5 Nf6 28.
Qg5 e5 29. Nde2 Rc4 30. Rh4 Rec8 31. Qg3 Rxh4 32. Qxh4 Rc4 33. Qe1 Rg4 34. Ng3
h5 35. h3 Rh4 36. Bf2 Rxh3+ 37. Kg1 Rh4 38. Nge4 Rg4 39. Bh4 Bxe4 40. Nxe4 Qb7
0-1

[Event "2. Bundesliga Ost 2012/2013"]
[Site "6.+7.10., 17.+18.11., 1.12., 2.+3.2., 9.+10.3., 6.
[Date "2013.02.02"]
[Round "6"]
[Board "3"]
[White "Krpelan, Wolfgang"]
[Black "Kropik, Martin"]
[Result "0-1"]
[WhiteElo "2246"]
[BlackElo "2133"]
[PlyCount "70"]
[EventDate "2012.10.06"]
[EventType "team"]
[EventRounds "11"]
[EventCountry "AUT"]
[WhiteTeam "ASVOE Lackenbach"]
[BlackTeam "SK Hietzing"]

1. d4 Nf6 2. Nf3 g6 3. c3 Bg7 4. Bf4 d6 5. h3 O-O 6. e3 Nc6 7. Bc4 Nd7 8. Nbd2
e5 9. Bg3 Qe8 10. O-O b6 11. Qa4 Bb7 12. Ba6 Bxa6 13. Qxa6 Qc8 14. Qc4 Qb7 15.
a4 Rae8 16. b4 Ne7 17. dxe5 Nxe5 18. Nxe5 Bxe5 19. Bxe5 dxe5 20. Nf3 Nf5 21.
Rfd1 Nd6 22. Qb3 Qe4 23. Rac1 Rd8 24. c4 Nb7 25. Rd5 Rfe8 26. Rcd1 Rxd5 27.
Rxd5 a5 28. bxa5 Nxa5 29. Qb5 c6 30. Qxb6 cxd5 31. Qxa5 dxc4 32. Qc7 Qb1+ 33.
Kh2 Qb8 34. Qxb8 Rxb8 35. Nxe5 c3 0-1

[Event "2. Bundesliga Ost 2012/2013"]
[Site "6.+7.10., 17.+18.11., 1.12., 2.+3.2., 9.+10.3., 6.
[Date "2013.02.02"]
[Round "6"]
[Board "4"]
[White "Molnar, Attila"]
[Black "Stranz, Richard"]
[Result "1/2-1/2"]
[WhiteElo "2087"]
[BlackElo "2178"]
[PlyCount "81"]
[EventDate "2012.10.06"]
[EventType "team"]
[EventRounds "11"]
[EventCountry "AUT"]
[WhiteTeam "SK Hietzing"]
[BlackTeam "ASVOE Lackenbach"]

1. e4 c5 2. Nc3 Nc6 3. g3 g6 4. Bg2 Bg7 5. d3 d6 6. Be3 Rb8 7. Qd2 b5 8. Nge2
Nd4 9. O-O a5 10. Nd1 b4 11. c3 Nxe2+ 12. Qxe2 a4 13. Rc1 Be6 14. c4 Nf6 15. h3
O-O 16. f4 Bc8 17. g4 Ne8 18. f5 Nf6 19. Bf3 Nd7 20. Nf2 Ne5 21. Bg2 Bb7 22.
Nh1 Nc6 23. Ng3 Nd4 24. Qd2 e6 25. Bh6 Qh4 26. Bxg7 Kxg7 27. f6+ Kh8 28. Ne2
Nxe2+ 29. Qxe2 e5 30. Rf3 h6 31. Rcf1 Kh7 32. Qe3 Rh8 33. Rg3 Qg5 34. Qe2 Qh4
35. Qf2 Bc6 36. Qf3 Bd7 37. Qe3 Qg5 38. Qe2 Qh4 39. Qe3 Qg5 40. Qe2 Qh4 41. Qe3
1/2-1/2

[Event "2. Bundesliga Ost 2012/2013"]
[Site "6.+7.10., 17.+18.11., 1.12., 2.+3.2., 9.+10.3., 6.
[Date "2013.02.02"]
[Round "6"]
[Board "5"]
[White "Galavics, Hermann"]
[Black "Prager, Michael"]
[Result "1/2-1/2"]
[WhiteElo "2062"]
[BlackElo "1996"]
[PlyCount "53"]
[EventDate "2012.10.06"]
[EventType "team"]
[EventRounds "11"]
[EventCountry "AUT"]
[WhiteTeam "ASVOE Lackenbach"]
[BlackTeam "SK Hietzing"]

1. d4 Nf6 2. c4 e5 3. dxe5 Ng4 4. Nf3 Nc6 5. Bf4 Bb4+ 6. Nbd2 Qe7 7. a3 Ngxe5
8. Nxe5 Nxe5 9. e3 Bxd2+ 10. Qxd2 d6 11. Be2 O-O 12. O-O b6 13. Rac1 a5 14. b4
axb4 15. axb4 Nd7 16. Bf3 Rb8 17. Rfd1 Bb7 18. Bd5 Nf6 19. Bg5 h6 20. Bh4 g5
21. Bg3 Ne4 22. Qd4 Nxg3 23. hxg3 Rfe8 24. Bxb7 Rxb7 25. c5 dxc5 26. bxc5 b5
27. Qg4 1/2-1/2

[Event "2. Bundesliga Ost 2012/2013"]
[Site "6.+7.10., 17.+18.11., 1.12., 2.+3.2., 9.+10.3., 6.
[Date "2013.02.02"]
[Round "6"]
[Board "6"]
[White "Allram, Sebastian"]
[Black "Reitgruber, Dietmar"]
[Result "1/2-1/2"]
[WhiteElo "1972"]
[BlackElo "1945"]
[PlyCount "60"]
[EventDate "2012.10.06"]
[EventType "team"]
[EventRounds "11"]
[EventCountry "AUT"]
[WhiteTeam "SK Hietzing"]
[BlackTeam "ASVOE Lackenbach"]

1. c4 c5 2. g3 g6 3. Bg2 Nc6 4. Nc3 Bg7 5. d3 Rb8 6. Bd2 a6 7. a3 b5 8. cxb5
axb5 9. b4 cxb4 10. axb4 e6 11. Nf3 Nge7 12. Qb3 Bb7 13. O-O Nf5 14. Nxb5 Bxa1
15. Rxa1 Qb6 16. Qc3 Rg8 17. Na3 Ncd4 18. Re1 Nxf3+ 19. exf3 Qd4 20. Qc7 Qd6
21. Qxd6 Nxd6 22. Bf4 Ke7 23. Nc4 Nxc4 24. Bxb8 Nd6 25. Ba7 Ra8 26. Bc5 Bc6 27.
f4 Ra6 28. d4 Bxg2 29. Kxg2 Kd8 30. Bxd6 Rxd6 1/2-1/2

[Event "2. Bundesliga Ost 2012/2013"]
[Site "6.+7.10., 17.+18.11., 1.12., 2.+3.2., 9.+10.3., 6.
[Date "2013.02.02"]
[Round "6"]
[Board "1"]
[White "Stohl, Igor"]
[Black "Kummer, Helmut"]
[Result "1-0"]
[WhiteElo "2518"]
[BlackElo "2353"]
[PlyCount "77"]
[EventDate "2012.10.06"]
[EventType "team"]
[EventRounds "11"]
[EventCountry "AUT"]
[WhiteTeam "SK Wien-Ottakring"]
[BlackTeam "Purbach"]

1. Nf3 d5 2. d4 Bf5 3. c4 e6 4. Nc3 c6 5. Bf4 Nd7 6. e3 Ne7 7. Nh4 Bg6 8. Be2
Nf5 9. Nxg6 hxg6 10. g4 Nh4 11. Bg3 g5 12. Qc2 Nf6 13. O-O-O Bb4 14. a3 Bxc3
15. Qxc3 Ne4 16. Qc2 Qe7 17. f3 Nf6 18. c5 Qd7 19. Bd6 Nh7 20. Bd3 Nf8 21. f4
gxf4 22. exf4 b5 23. f5 a5 24. Rhf1 a4 25. Qf2 O-O-O 26. Bg3 g5 27. fxg6 Nfxg6
28. Bxg6 Nxg6 29. Qxf7 Rhg8 30. Rde1 Rdf8 31. Qxg6 Rxg6 32. Rxf8+ Kb7 33. Ref1
Rg7 34. Rb8+ Ka6 35. Rff8 b4 36. Rb6+ Ka7 37. Bb8+ Ka8 38. Ra6+ Kb7 39. Ra7#
1-0

[Event "2. Bundesliga Ost 2012/2013"]
[Site "6.+7.10., 17.+18.11., 1.12., 2.+3.2., 9.+10.3., 6.
[Date "2013.02.02"]
[Round "6"]
[Board "2"]
[White "Heiny, Johannes"]
[Black "Menezes, Christoph"]
[Result "1-0"]
[WhiteElo "2264"]
[BlackElo "2303"]
[PlyCount "65"]
[EventDate "2012.10.06"]
[EventType "team"]
[EventRounds "11"]
[EventCountry "AUT"]
[WhiteTeam "Purbach"]
[BlackTeam "SK Wien-Ottakring"]

1. d4 Nf6 2. c4 e6 3. Nc3 Bb4 4. e3 b6 5. Nge2 Ne4 6. Bd2 Nxd2 7. Qxd2 O-O 8.
a3 Be7 9. g3 d5 10. cxd5 exd5 11. Bg2 c6 12. O-O Bb7 13. Rfc1 a5 14. Rd1 Nd7
15. Rac1 Re8 16. Qc2 Nf6 17. Qb3 Ba6 18. Nf4 b5 19. Nb1 Qb6 20. Nd2 b4 21. a4
Red8 22. Nd3 Rac8 23. Nc5 Bxc5 24. Rxc5 Nd7 25. Rc2 Bb7 26. Bh3 c5 27. dxc5
Nxc5 28. Qa2 b3 29. Nxb3 Nxb3 30. Bxc8 Rxc8 31. Rxc8+ Bxc8 32. Rxd5 Bb7 33.
Qxb3 1-0

[Event "2. Bundesliga Ost 2012/2013"]
[Site "6.+7.10., 17.+18.11., 1.12., 2.+3.2., 9.+10.3., 6.
[Date "2013.02.02"]
[Round "6"]
[Board "3"]
[White "Schneider-Zinner, Harald"]
[Black "Wolfram, Bernd"]
[Result "1/2-1/2"]
[WhiteElo "2369"]
[BlackElo "2234"]
[PlyCount "60"]
[EventDate "2012.10.06"]
[EventType "team"]
[EventRounds "11"]
[EventCountry "AUT"]
[WhiteTeam "SK Wien-Ottakring"]
[BlackTeam "Purbach"]

1. d4 Nf6 2. Nf3 g6 3. c4 Bg7 4. g3 c6 5. Bg2 d5 6. cxd5 cxd5 7. O-O Ne4 8. Ne5
O-O 9. Nd2 Nd7 10. Nxd7 Qxd7 11. Qb3 Nxd2 12. Bxd2 e6 13. Qd3 b6 14. Rfc1 Qa4
15. e3 Ba6 16. Qc2 Qxc2 17. Rxc2 Rfc8 18. Rac1 Rxc2 19. Rxc2 Rc8 20. Rxc8+ Bxc8
21. Bf1 Bf8 22. a3 Bd7 23. Bd3 Bd6 24. Kf1 Kf8 25. h4 Ke7 26. Ke2 Bc6 27. Be1
f5 28. Bb4 Bxb4 29. axb4 Kd6 30. Kd2 Bd7 1/2-1/2

[Event "2. Bundesliga Ost 2012/2013"]
[Site "6.+7.10., 17.+18.11., 1.12., 2.+3.2., 9.+10.3., 6.
[Date "2013.02.02"]
[Round "6"]
[Board "4"]
[White "Zimmermann, Heinz"]
[Black "Steiner, Adam"]
[Result "1/2-1/2"]
[WhiteElo "2177"]
[BlackElo "2276"]
[PlyCount "92"]
[EventDate "2012.10.06"]
[EventType "team"]
[EventRounds "11"]
[EventCountry "AUT"]
[WhiteTeam "Purbach"]
[BlackTeam "SK Wien-Ottakring"]

1. c4 e5 2. Nc3 Nf6 3. g3 d5 4. cxd5 Nxd5 5. Bg2 Nb6 6. Nf3 Nc6 7. O-O Be7 8.
d3 O-O 9. Be3 Re8 10. Ne4 Nd5 11. Bc5 Bxc5 12. Nxc5 b6 13. Qa4 Qd6 14. Ne4 Qd7
15. Bh3 Qxh3 16. Qxc6 Be6 17. Neg5 Qh6 18. Nxe6 Qxe6 19. Rfc1 Qxc6 20. Rxc6
Rac8 21. Rac1 Re7 22. a3 Nf6 23. Nd2 Ne8 24. R1c4 f6 25. Ne4 Kf7 26. Nc3 Re6
27. Nd5 Rxc6 28. Rxc6 Rd8 29. Nxc7 Rd7 30. Nb5 Ke7 31. f3 Rb7 32. Rc8 Nd6 33.
Nxd6 Kxd6 34. Kf2 b5 35. e4 b4 36. axb4 Rxb4 37. Rc2 Rb3 38. Ke2 g6 39. Ke3 a6
40. f4 a5 41. h4 Rb8 42. fxe5+ fxe5 43. g4 Rb7 44. g5 Rb6 45. Kd2 Rb3 46. Ke3
Rb6 1/2-1/2

[Event "2. Bundesliga Ost 2012/2013"]
[Site "6.+7.10., 17.+18.11., 1.12., 2.+3.2., 9.+10.3., 6.
[Date "2013.02.02"]
[Round "6"]
[Board "5"]
[White "Beck, Hartmuth"]
[Black "Heiny, Michael"]
[Result "1/2-1/2"]
[WhiteElo "2295"]
[BlackElo "2090"]
[PlyCount "55"]
[EventDate "2012.10.06"]
[EventType "team"]
[EventRounds "11"]
[EventCountry "AUT"]
[WhiteTeam "SK Wien-Ottakring"]
[BlackTeam "Purbach"]

1. d4 Nf6 2. c4 g6 3. Nc3 Bg7 4. e4 d6 5. f4 O-O 6. Nf3 c5 7. d5 e6 8. Be2 exd5
9. exd5 Bf5 10. O-O Re8 11. Bd3 Bxd3 12. Qxd3 Nbd7 13. f5 Ng4 14. fxg6 hxg6 15.
Bg5 Nde5 16. Nxe5 Nxe5 17. Qg3 Qd7 18. Rf4 f5 19. Kh1 a6 20. Raf1 b5 21. b3
bxc4 22. bxc4 Rab8 23. h4 Rb4 24. h5 Rxc4 25. Rxc4 Nxc4 26. hxg6 Ne5 27. Bd2
Nc4 28. Bg5 1/2-1/2

[Event "2. Bundesliga Ost 2012/2013"]
[Site "6.+7.10., 17.+18.11., 1.12., 2.+3.2., 9.+10.3., 6.
[Date "2013.02.02"]
[Round "6"]
[Board "6"]
[White "Bauer, Manfred"]
[Black "Plank, Franz"]
[Result "0-1"]
[WhiteElo "1938"]
[BlackElo "2198"]
[PlyCount "118"]
[EventDate "2012.10.06"]
[EventType "team"]
[EventRounds "11"]
[EventCountry "AUT"]
[WhiteTeam "Purbach"]
[BlackTeam "SK Wien-Ottakring"]

1. d4 d5 2. Bf4 Nf6 3. e3 c5 4. c3 Nc6 5. Nf3 Qb6 6. Qb3 c4 7. Qxb6 axb6 8. Na3
Bf5 9. Nh4 e6 10. Nxf5 exf5 11. Nc2 b5 12. a3 Kd7 13. Be2 Bd6 14. Bxd6 Kxd6 15.
O-O Rhe8 16. Bf3 g6 17. h3 h5 18. h4 Nd7 19. g3 Nf6 20. Kg2 Nb8 21. Rfe1 Nbd7
22. Rab1 Nb6 23. Kf1 Na4 24. Bg2 Rac8 25. f3 Rc7 26. Kf2 Rce7 27. Bh3 Re6 28.
Re2 Ng8 29. Ne1 R6e7 30. Bg2 Nh6 31. Bh3 f6 32. f4 Nf7 33. Nf3 Kc6 34. Ne1 Nd6
35. Bg2 Rg7 36. Nc2 Ne4+ 37. Bxe4 fxe4 38. Rh1 Kd6 39. Nb4 Rh8 40. Rc2 Nb6 41.
Na2 Ke6 42. Nc1 Rgh7 43. Ne2 Ra8 44. Kg2 Kf5 45. Ng1 Nc8 46. Nh3 Ne7 47. Nf2
Ke6 48. Nd1 Nf5 49. Rf2 Rg8 50. Rhf1 Rf7 51. Kh3 g5 52. hxg5 fxg5 53. Rg2 g4+
54. Kh2 Rh7 55. Rh1 h4 56. Kg1 Rgh8 57. Rhh2 h3 58. Rd2 Nxg3 59. Nf2 Nf5 0-1

[Event "2. Bundesliga Ost 2012/2013"]
[Site "6.+7.10., 17.+18.11., 1.12., 2.+3.2., 9.+10.3., 6.
[Date "2013.02.02"]
[Round "6"]
[Board "1"]
[White "Videki, Sandor"]
[Black "Sommerbauer, Norbert"]
[Result "1/2-1/2"]
[WhiteElo "2429"]
[BlackElo "2444"]
[PlyCount "83"]
[EventDate "2012.10.06"]
[EventType "team"]
[EventRounds "11"]
[EventCountry "AUT"]
[WhiteTeam "Spg Data Technology Eichgraben/P."]
[BlackTeam "Raiffeisen Waehring"]

1. c4 e6 2. Nc3 b6 3. Nf3 Bb7 4. g3 Nf6 5. Bg2 Be7 6. O-O O-O 7. d4 Ne4 8. Bd2
f5 9. Rc1 Bf6 10. Be1 a5 11. a3 d6 12. d5 Nxc3 13. Bxc3 Bxc3 14. Rxc3 e5 15. b4
Na6 16. Qb3 Qf6 17. Rd1 Bc8 18. Nd2 Bd7 19. Rcc1 Ra7 20. Qc3 Ba4 21. Re1 e4 22.
Qxf6 Rxf6 23. b5 Nc5 24. Rc3 Ra8 25. f3 exf3 26. exf3 f4 27. Ne4 Rff8 28. Nxc5
bxc5 29. Bh3 Rae8 30. Rxe8 Rxe8 31. Be6+ Kh8 32. gxf4 Rf8 33. f5 g6 34. f4 Kg7
35. Kf2 Rf6 36. Rg3 Bc2 37. Rc3 Bxf5 38. Bxf5 Rxf5 39. Kg3 g5 40. fxg5 Rxg5+
41. Kf4 Rh5 42. Kg3 1/2-1/2

[Event "2. Bundesliga Ost 2012/2013"]
[Site "6.+7.10., 17.+18.11., 1.12., 2.+3.2., 9.+10.3., 6.
[Date "2013.02.02"]
[Round "6"]
[Board "2"]
[White "Lendwai, Reinhard"]
[Black "Ganaus, Hannes"]
[Result "1-0"]
[WhiteElo "2379"]
[BlackElo "2331"]
[PlyCount "107"]
[EventDate "2012.10.06"]
[EventType "team"]
[EventRounds "11"]
[EventCountry "AUT"]
[WhiteTeam "Raiffeisen Waehring"]
[BlackTeam "Spg Data Technology Eichgraben/P."]

1. d4 Nf6 2. Bg5 d5 3. Nd2 c5 4. dxc5 Na6 5. e4 Nxc5 6. exd5 Nxd5 7. Qf3 f6 8.
Bb5+ Kf7 9. O-O-O e6 10. Ne2 a6 11. Bc4 b5 12. Bxd5 Qxd5 13. Qxd5 exd5 14. Be3
Bb7 15. Nd4 h5 16. h4 Rc8 17. Kb1 Bd6 18. f3 Rhe8 19. Bf2 Nd7 20. N2b3 Ne5 21.
Nf5 Bf8 22. Ne3 Red8 23. Rd4 Nc4 24. Rhd1 Nxe3 25. Bxe3 Be7 26. R4d3 Rc4 27.
Na5 Ba8 28. Nxc4 bxc4 29. R3d2 Bc6 30. Bd4 Bd6 31. b3 Bf4 32. Re2 Bg3 33. Bb2
cxb3 34. cxb3 Bxh4 35. Rc2 Ba8 36. Rc7+ Kg6 37. Ra7 Bf2 38. Bd4 Bg3 39. Rxa6
Bb7 40. Ra7 Bc8 41. Re7 Bd6 42. Re2 Bf5+ 43. Kb2 h4 44. a4 Kg5 45. Bb6 Rd7 46.
a5 Be5+ 47. Bd4 Kf4 48. a6 Bxd4+ 49. Rxd4+ Kg3 50. b4 h3 51. gxh3 Kxf3 52. Red2
Be4 53. b5 Ke3 54. Ka3 1-0

[Event "2. Bundesliga Ost 2012/2013"]
[Site "6.+7.10., 17.+18.11., 1.12., 2.+3.2., 9.+10.3., 6.
[Date "2013.02.02"]
[Round "6"]
[Board "3"]
[White "Neumeier, Klaus"]
[Black "Kirschner, Alexander"]
[Result "1-0"]
[WhiteElo "2255"]
[BlackElo "2281"]
[PlyCount "59"]
[EventDate "2012.10.06"]
[EventType "team"]
[EventRounds "11"]
[EventCountry "AUT"]
[WhiteTeam "Spg Data Technology Eichgraben/P."]
[BlackTeam "Raiffeisen Waehring"]

1. d4 e6 2. c4 Nf6 3. Nf3 b6 4. g3 Bb7 5. Bg2 Be7 6. O-O O-O 7. Nc3 Ne4 8. Bd2
Bf6 9. Rc1 c5 10. d5 exd5 11. cxd5 Nxd2 12. Nxd2 d6 13. Nde4 Be5 14. f4 Bd4+
15. Kh1 Qe7 16. Nb5 Bxb2 17. Rc2 Bf6 18. Nbxd6 Rd8 19. Nxf6+ gxf6 20. Nxb7 Qxb7
21. e3 Rd6 22. Qh5 Nd7 23. e4 Re8 24. Re2 Qa6 25. e5 fxe5 26. fxe5 Rg6 27. Qf5
Re7 28. d6 Ree6 29. Qxf7+ Kh8 30. Qxd7 1-0

[Event "2. Bundesliga Ost 2012/2013"]
[Site "6.+7.10., 17.+18.11., 1.12., 2.+3.2., 9.+10.3., 6.
[Date "2013.02.02"]
[Round "6"]
[Board "4"]
[White "Fritsch, Klaus"]
[Black "Weissenbeck, Manuel"]
[Result "1/2-1/2"]
[WhiteElo "2287"]
[BlackElo "2238"]
[PlyCount "61"]
[EventDate "2012.10.06"]
[EventType "team"]
[EventRounds "11"]
[EventCountry "AUT"]
[WhiteTeam "Raiffeisen Waehring"]
[BlackTeam "Spg Data Technology Eichgraben/P."]

1. d4 Nf6 2. c4 e6 3. Nc3 Bb4 4. Qc2 c5 5. dxc5 Na6 6. a3 Bxc3+ 7. Qxc3 Nxc5 8.
f3 a5 9. e4 d6 10. Be3 Qc7 11. Rd1 e5 12. Ne2 a4 13. Qb4 Ke7 14. Nc3 Qa5 15.
Qxa5 Rxa5 16. Nb5 Ne8 17. Kd2 Bd7 18. Kc3 b6 19. Be2 Bxb5 20. cxb5 Nc7 21. Kb4
Rb8 22. Rc1 Ra7 23. Rhd1 N7e6 24. Bc4 Rc7 25. g3 Rbc8 26. Bxe6 Kxe6 27. Bxc5
Rxc5 28. Rxc5 Rxc5 29. Rd2 d5 30. Kxa4 dxe4 31. fxe4 1/2-1/2

[Event "2. Bundesliga Ost 2012/2013"]
[Site "6.+7.10., 17.+18.11., 1.12., 2.+3.2., 9.+10.3., 6.
[Date "2013.02.02"]
[Round "6"]
[Board "5"]
[White "Hechl, Gerald"]
[Black "Todor, Razvan"]
[Result "1/2-1/2"]
[WhiteElo "2220"]
[BlackElo "2202"]
[PlyCount "24"]
[EventDate "2012.10.06"]
[EventType "team"]
[EventRounds "11"]
[EventCountry "AUT"]
[WhiteTeam "Spg Data Technology Eichgraben/P."]
[BlackTeam "Raiffeisen Waehring"]

1. e4 e5 2. Nf3 Nc6 3. Bb5 a6 4. Ba4 Nf6 5. O-O b5 6. Bb3 Be7 7. Re1 O-O 8. c3
Re8 9. Ng5 Rf8 10. Nf3 Re8 11. Ng5 Rf8 12. Nf3 Re8 1/2-1/2

[Event "2. Bundesliga Ost 2012/2013"]
[Site "6.+7.10., 17.+18.11., 1.12., 2.+3.2., 9.+10.3., 6.
[Date "2013.02.02"]
[Round "6"]
[Board "6"]
[White "Steiner, Bruno"]
[Black "Mayr, Thomas"]
[Result "1/2-1/2"]
[WhiteElo "2209"]
[BlackElo "2125"]
[PlyCount "61"]
[EventDate "2012.10.06"]
[EventType "team"]
[EventRounds "11"]
[EventCountry "AUT"]
[WhiteTeam "Raiffeisen Waehring"]
[BlackTeam "Spg Data Technology Eichgraben/P."]

1. c4 c5 2. g3 Nf6 3. Bg2 d5 4. cxd5 Nxd5 5. Nc3 Nc7 6. Nf3 Nc6 7. O-O e5 8. a3
Be6 9. b4 cxb4 10. axb4 a6 11. Rb1 Be7 12. b5 axb5 13. Nxb5 O-O 14. d3 f6 15.
Nc3 Bb4 16. Bd2 Bxc3 17. Bxc3 Nd5 18. Bd2 Qd7 19. Re1 Rfb8 20. Qc2 Rc8 21. Qb2
Rab8 22. Rec1 b5 23. Rc5 b4 24. Rbc1 b3 25. h4 Nb6 26. Qb1 Na4 27. R5c4 Nb6 28.
Rc5 Na4 29. R5c4 Nb6 30. Rc5 Na4 31. R5c4 1/2-1/2

[Event "2. Bundesliga Ost 2012/2013"]
[Site "6.+7.10., 17.+18.11., 1.12., 2.+3.2., 9.+10.3., 6.
[Date "2013.02.03"]
[Round "7"]
[Board "1"]
[White "Sommerbauer, Norbert"]
[Black "Szabo, Krisztian"]
[Result "1/2-1/2"]
[WhiteElo "2444"]
[BlackElo "2541"]
[PlyCount "81"]
[EventDate "2012.10.06"]
[EventType "team"]
[EventRounds "11"]
[EventCountry "AUT"]
[WhiteTeam "Raiffeisen Waehring"]
[BlackTeam "ASVOE Mattersburg"]

1. Nf3 Nf6 2. g3 d5 3. Bg2 e6 4. O-O Be7 5. b3 c5 6. c4 d4 7. e3 Nc6 8. exd4
cxd4 9. Re1 O-O 10. d3 Re8 11. Ba3 Bxa3 12. Nxa3 e5 13. c5 Nd5 14. Qd2 f6 15.
Nb5 Be6 16. Nd6 Re7 17. Nh4 b6 18. f4 bxc5 19. Ne4 Ne3 20. Nxc5 Bd5 21. b4 exf4
22. gxf4 Qd6 23. Bxd5+ Qxd5 24. a3 a5 25. Ng2 axb4 26. axb4 Rxa1 27. Rxa1 Nxb4
28. Nxe3 Qxc5 29. Nc4 Re8 30. Ra4 Nc6 31. Qa2 Qd5 32. Ra8 Rxa8 33. Qxa8+ Kf7
34. f5 Ne7 35. Qa7 g6 36. Qc7 gxf5 37. Nd6+ Ke6 38. Nb7 Kf7 39. Nd6+ Ke6 40.
Nb7 Kf7 41. Nd6+ 1/2-1/2

[Event "2. Bundesliga Ost 2012/2013"]
[Site "6.+7.10., 17.+18.11., 1.12., 2.+3.2., 9.+10.3., 6.
[Date "2013.02.03"]
[Round "7"]
[Board "2"]
[White "Papp, Gabor"]
[Black "Mahdy, Khaled"]
[Result "1/2-1/2"]
[WhiteElo "2571"]
[BlackElo "2385"]
[PlyCount "79"]
[EventDate "2012.10.06"]
[EventType "team"]
[EventRounds "11"]
[EventCountry "AUT"]
[WhiteTeam "ASVOE Mattersburg"]
[BlackTeam "Raiffeisen Waehring"]

1. e4 e5 2. Nf3 Nc6 3. Bb5 a6 4. Ba4 Nf6 5. O-O Be7 6. d3 d6 7. c3 O-O 8. Re1
Nd7 9. d4 Bf6 10. Be3 b5 11. Bc2 Nb6 12. Nbd2 Bg4 13. d5 Ne7 14. b3 c6 15. c4
c5 16. h3 Bd7 17. Qe2 Ng6 18. Kh2 b4 19. g3 a5 20. a4 Bc8 21. Kg2 Ra7 22. Rh1
Re8 23. Rag1 Nf8 24. Kf1 Be7 25. Ke1 Rb7 26. Kd1 Bd7 27. Qd3 Qc7 28. g4 Reb8
29. Ke2 Qc8 30. Ne1 Qe8 31. Ng2 Qd8 32. f4 exf4 33. Nxf4 Bc8 34. h4 Nbd7 35.
Nf3 Ng6 36. Nxg6 fxg6 37. h5 Bf6 38. Bf4 Qe7 39. g5 Be5 40. Nxe5 1/2-1/2

[Event "2. Bundesliga Ost 2012/2013"]
[Site "6.+7.10., 17.+18.11., 1.12., 2.+3.2., 9.+10.3., 6.
[Date "2013.02.03"]
[Round "7"]
[Board "3"]
[White "Alvir, Aco"]
[Black "Fodor, Tamas"]
[Result "1/2-1/2"]
[WhiteElo "2345"]
[BlackElo "2503"]
[PlyCount "28"]
[EventDate "2012.10.06"]
[EventType "team"]
[EventRounds "11"]
[EventCountry "AUT"]
[WhiteTeam "Raiffeisen Waehring"]
[BlackTeam "ASVOE Mattersburg"]

1. e4 e6 2. d4 d5 3. Nc3 Bb4 4. exd5 exd5 5. Bd3 Nf6 6. Nf3 O-O 7. O-O Bg4 8.
a3 Bd6 9. h3 Bh5 10. Nb5 Be7 11. Bf4 Na6 12. Nc3 Nb8 13. Nb5 Na6 14. Nc3 Nb8
1/2-1/2

[Event "2. Bundesliga Ost 2012/2013"]
[Site "6.+7.10., 17.+18.11., 1.12., 2.+3.2., 9.+10.3., 6.
[Date "2013.02.03"]
[Round "7"]
[Board "4"]
[White "Wiedner, Robert"]
[Black "Kirschner, Alexander"]
[Result "1/2-1/2"]
[WhiteElo "2133"]
[BlackElo "2281"]
[PlyCount "108"]
[EventDate "2012.10.06"]
[EventType "team"]
[EventRounds "11"]
[EventCountry "AUT"]
[WhiteTeam "ASVOE Mattersburg"]
[BlackTeam "Raiffeisen Waehring"]

1. Nf3 c5 2. b3 Nc6 3. Bb2 Nf6 4. e3 e6 5. Bb5 Be7 6. O-O O-O 7. d4 a6 8. Bxc6
bxc6 9. c3 d5 10. Ne5 Bb7 11. Qc2 Rc8 12. Nd3 Nd7 13. b4 c4 14. Nc1 e5 15. Ne2
e4 16. Nd2 Bd6 17. f4 f5 18. a4 Nf6 19. Ng3 Ng4 20. Rfe1 Nxh2 21. Ngxe4 fxe4
22. Kxh2 Qh4+ 23. Kg1 g5 24. Nf1 gxf4 25. Qf2 Qg5 26. exf4 Bxf4 27. Qe2 Rc7 28.
Bc1 Bc8 29. Bxf4 Rxf4 30. Ne3 Rf3 31. b5 Rg7 32. Ra2 axb5 33. axb5 cxb5 34. Qd2
Bd7 35. Ra8+ Rf8 36. Rxf8+ Kxf8 37. Rf1+ Kg8 38. Qf2 h5 39. Ra1 Rf7 40. Ra8+
Kg7 41. Qd2 h4 42. Nxc4 Qxd2 43. Nxd2 e3 44. Nf3 e2 45. Ra1 h3 46. Re1 hxg2 47.
Kxg2 Bh3+ 48. Kg3 Bf1 49. Kf2 Rc7 50. Ng1 Rxc3 51. Nxe2 Bxe2 52. Kxe2 b4 53.
Kd2 Rc7 54. Re5 Rf7 1/2-1/2

[Event "2. Bundesliga Ost 2012/2013"]
[Site "6.+7.10., 17.+18.11., 1.12., 2.+3.2., 9.+10.3., 6.
[Date "2013.02.03"]
[Round "7"]
[Board "5"]
[White "Fritsch, Klaus"]
[Black "Salamon, Werner"]
[Result "1-0"]
[WhiteElo "2287"]
[BlackElo "2133"]
[PlyCount "91"]
[EventDate "2012.10.06"]
[EventType "team"]
[EventRounds "11"]
[EventCountry "AUT"]
[WhiteTeam "Raiffeisen Waehring"]
[BlackTeam "ASVOE Mattersburg"]

1. d4 Nf6 2. c4 e6 3. Nc3 d5 4. cxd5 exd5 5. Bg5 c6 6. Qc2 Bg4 7. e3 Bh5 8. Bd3
Bg6 9. Nge2 Nbd7 10. f3 Bxd3 11. Qxd3 Be7 12. O-O Nh5 13. Bxe7 Qxe7 14. b4 O-O
15. e4 Nb6 16. Rab1 Nf6 17. e5 Nfd7 18. f4 f6 19. Kh1 fxe5 20. dxe5 Rf7 21. Nd4
Nf8 22. e6 Rf6 23. f5 Qd6 24. Nce2 Nc8 25. g4 Rh6 26. Rf2 Rh4 27. Rg1 Ne7 28.
g5 a5 29. f6 Neg6 30. e7 Nxe7 31. fxe7 Qxe7 32. Nf5 Qe4+ 33. Qxe4 Rxe4 34. bxa5
Rxa5 35. Neg3 Re5 36. Rgf1 Ra8 37. h4 Ng6 38. Kh2 c5 39. h5 Nf8 40. h6 g6 41.
Nd6 Rxg5 42. Rf7 Rxa2+ 43. Kh3 Ne6 44. Re7 Rxg3+ 45. Kxg3 Ra3+ 46. Kg2 1-0